00875nam a22002057a 450000500170000000800410001702000180005805000240007624501320010025000230023226000450025530000490030049000600034950400300040965000480043965000360048765000460052365000540056970000460062320190820102031.0190820b mx ||||| |||| 00| 0 spa d a978607628215104aGE320.M6 bC36 201800aCambio climático, ciudad y gestión ambiental :blos ámbitos nacional e internacional /cJosé Luis Lezama, (coordinador) aPrimera edición  aMéxico :bEl Colegio e México,c2018 a449 p. :bil., gráf., mapas, fot. ;c21 cm aCentro de Estudios demográficos urbanos y ambientales aBibliografía p. 444-447 72lembaAdministración ambiental zMéxico 7aPolítica ambiental zMéxico 7aEcología urbana (Biología) zMéxico 72lembaCambios climáticos xAspectos políticos1 aLezama, José Luis, d[1952- ]eeditor